Mistrzowie Premier League - piłka nożna - Statystyki

Ogólne statystyki
  • Ten quiz został rozwiązany 773 razy
  • Średni wynik to 6 z 7
Statystyki odpowiedzi
Tytuły Klub % Poprawnych
13 Manchester United
99%
8 Manchester City
98%
1 Liverpool
97%
3 Arsenal
94%
5 Chelsea
93%
1 Leicester City
56%
1 BlackBurn
35%
Nie znaleziono quizów pasujących do podanych kryteriów
Rozkład punktacji
Procent ludzi z każdym wynikiem
Percentyl według liczby udzielonych odpowiedzi
Twoja historia wyników
Nie rozwiązałeś tego quizu